|
|
|
|
| LEADER |
01689nam a2200421Ia 4500 |
| 001 |
EBC253453 |
| 003 |
MiAaPQ |
| 005 |
20200520144314.0 |
| 006 |
m o d | |
| 007 |
cr cn||||||||| |
| 008 |
041004s2000 ne a sb 100 0 eng d |
| 020 |
|
|
|z 9004116648
|
| 020 |
|
|
|a 1417540680 (electronic bk.)
|
| 035 |
|
|
|a (MiAaPQ)EBC253453
|
| 035 |
|
|
|a (Au-PeEL)EBL253453
|
| 035 |
|
|
|a (CaPaEBR)ebr10089067
|
| 035 |
|
|
|a (CaONFJC)MIL46424
|
| 035 |
|
|
|a (OCoLC)935229247
|
| 040 |
|
|
|a MiAaPQ
|c MiAaPQ
|d MiAaPQ
|
| 050 |
|
4 |
|a HM421
|b .S62 2000
|
| 082 |
0 |
4 |
|a 301.01
|2 22
|
| 245 |
0 |
0 |
|a Societies, corporations, and the nation state
|h [electronic resource] /
|c edited by E.K. Scheuch and D. Sciulli.
|
| 260 |
|
|
|a Leiden ;
|a Boston :
|b Brill,
|c 2000.
|
| 300 |
|
|
|a vi, 257 p. :
|b ill.
|
| 490 |
1 |
|
|a The annals of the International Institute of Sociology. New series ;
|v v. 7
|
| 500 |
|
|
|a "Selection of papers from the 1997 Cologne conference of the International Institute of Sociology"--Book jacket.
|
| 504 |
|
|
|a Includes bibliographical references.
|
| 533 |
|
|
|a Electronic reproduction. Ann Arbor, MI : ProQuest, 2015. Available via World Wide Web. Access may be limited to ProQuest affiliated libraries.
|
| 650 |
|
0 |
|a Sociology
|v Congresses.
|
| 650 |
|
0 |
|a Social structure
|v Congresses.
|
| 650 |
|
0 |
|a Nation-state
|v Congresses.
|
| 655 |
|
4 |
|a Electronic books.
|
| 700 |
1 |
|
|a Scheuch, Erwin K.
|
| 700 |
1 |
|
|a Sciulli, David.
|
| 710 |
2 |
|
|a Institut international de sociologie.
|
| 710 |
2 |
|
|a ProQuest (Firm)
|
| 830 |
|
0 |
|a Annals of the International Institute of Sociology ;
|v v. 7.
|
| 856 |
4 |
0 |
|u https://ebookcentral.proquest.com/lib/matrademy/detail.action?docID=253453
|z Click to View
|